Music Quiz

Random Music or The Beatles Quiz

Beatles Songs from Images Quiz Stats

 Plays Quiz Updated Jan 31, 2019

     
Support Sporcle.
Go Orange.
Score 0/25 Timer 07:00
7 Plays Today
% Correct
Yellow Submarine
92.5%
Lady Madonna
73.8%
Michelle
73%
The Long and Winding Road
69.1%
Ticket to Ride
61.8%
Rocky Raccoon
60.3%
Back in the U.S.S.R.
59.4%
Hey Jude
58.2%
Help!
46.9%
Here Comes the Sun
45%
Taxman
44.6%
Glass Onion
41.5%
Piggies
39%
% Correct
Revolution
36.5%
Her Majesty
34.6%
Fixing a Hole
33.2%
Blackbird
31.4%
Julia
30.8%
Old Brown Shoe
28.3%
Paperback Writer
27.4%
Lovely Rita
26.9%
Girl
23%
Sun King
17.1%
The Fool on the Hill
15.8%
Penny Lane
15.6%

From the Vault

'EC' Words

by caramba

There's nothing icky about this. We're all about the 'ec'.
Remove Ads.
Support Sporcle.
Get the best of Sporcle when you Go Orange. This ad-free experience offers more features, more stats, and more fun while also helping to support Sporcle. Thank you for becoming a member.

Show Comments

Extras

Top Quizzes Today


Score Distribution

Your Account Isn't Verified!

In order to create a playlist on Sporcle, you need to verify the email address you used during registration. Go to your Sporcle Settings to finish the process.

Report this User

Report this user for behavior that violates our Community Guidelines.

Details: